| 000 | 00456nam a22001817a 4500 | ||
|---|---|---|---|
| 003 | OSt | ||
| 005 | 20160330141350.0 | ||
| 008 | 160330b xxu||||| |||| 00| 0 eng d | ||
| 020 | _a0421912308 | ||
| 040 | _cDDC. | ||
| 082 | _a026.34COM 2005. | ||
| 100 |
_aSweet ;Maxwell; _97460 |
||
| 245 | _aThe common Law Library;Chitty on Contracts. | ||
| 250 | _a29th ed | ||
| 300 |
_axlviii,300p; _bill; _c24cm |
||
| 650 |
_aLibrary Law. _97461 |
||
| 942 |
_2ddc _cSLOAN |
||
| 999 |
_c3337 _d3337 |
||